|
|
|
|
| LEADER |
00663nab a2200157 i 4500 |
| 001 |
univ54083 |
| 005 |
20200513093614.0 |
| 008 |
200513s2020 hu o 0|| zxx d |
| 040 |
|
|
|a SZTE UnivHistória Repozitórium
|b hun
|
| 041 |
|
|
|a zxx
|
| 245 |
0 |
0 |
|a Több mint nyolcezer tesztből két pozitív
|h [elektronikus dokumentum]
|
| 260 |
|
|
|c 2020-05-12
|
| 490 |
0 |
|
|a TV2 - Tények
|
| 561 |
|
|
|a Egyetemi hirarchívum
|
| 695 |
|
|
|a Járvány - koronavírus, Koronavírus teszt - országos szűrővizsgálat, Együttműködés - Semmelweis Egyetem - Debreceni Egyetem - Pécsi Tudományegyetem
|
| 856 |
4 |
0 |
|u http://univ.bibl.u-szeged.hu/54083/1/TV2--20200512--1824.mp4
|z Dokumentum-elérés
|